| 000 | 00630nam a2200217 i 4500 | ||
|---|---|---|---|
| 001 | bgj | ||
| 100 | 1 | _aBLAKE, Peggy | |
| 245 | 1 | 0 |
_aSelf-Assessment and Behavior Change Manual / _cPeggy Blake ; Robert Frye ; Michael Pejsach. |
| 260 |
_aNew York : _bRandom House, _cc. 1984. |
||
| 300 |
_aVIII, 163 pp : _bfig. ; _c28 cm. |
||
| 650 | 9 | _aSelf assessment (|Psychology) | |
| 650 | 9 | _aHealth | |
| 700 | 1 |
_aFRYE, Robert. _eco-author |
|
| 700 | 1 |
_aPEJSACH, Michael. _eco-author |
|
| 020 | _a0394338413 | ||
| 040 | _cBPK | ||
| 041 | _aeng | ||
| 920 | _a0-394-33841-3 | ||
| 942 | _cKS | ||
| 008 | s uk f |000 0 eng | ||
| 999 |
_c47716 _d47716 |
||
| 856 |
_uhttp://koha.tu.koszalin.pl/cgi-bin/koha/opac-detail.pl?biblionumber=47716 _yKatalog online BPK |
||